FACTIBILIDAD DE IMPLEMENTACIÓN DE SOLUCIONES BASADAS EN LA NUBE EN LAS EMPRESAS SEGÚN LAS CONDICIONES DEMOGRÁFICAS DE ALTA VERAPAZ/ (Registro nro. 2208)
[ vista simple ]
| 000 -LEADER | |
|---|---|
| campo de control de longitud fija | 03083nam a22003257a 4500 |
| 001 - NÚMERO DE CONTROL | |
| campo de control | TICS 001 |
| 003 - IDENTIFICADOR DE NÚMERO DE CONTROL | |
| campo de control | gtcocun |
| 005 - FECHA Y HORA DE LA ÚLTIMA TRANSACCIÓN | |
| campo de control | 20251003144720.0 |
| 006 - CÓDIGOS DE INFORMACIÓN DE LONGITUD FIJA--CARACTERÍSTICAS DEL MATERIAL ADICIONAL | |
| campo de control de longitud fija | a||||gr|||| 00| 0 |
| 007 - CAMPO FIJO DE DESCRIPCIÓN FÍSICA--INFORMACIÓN GENERAL | |
| campo de control de longitud fija | ta |
| 008 - DATOS DE LONGITUD FIJA--INFORMACIÓN GENERAL | |
| campo de control de longitud fija | 251003b2022 gt ||||| m||| 00| 0 eng d |
| 040 ## - FUENTE DE CATALOGACIÓN | |
| Centro catalogador/agencia de origen | gtcocun |
| Lengua de catalogación | SPA |
| Centro/agencia transcriptor | gtcocun |
| Normas de descripción | RDA |
| 041 ## - CÓDIGO DE IDIOMA | |
| Código de lengua del texto/banda sonora o título independiente | SPA TICS 001 |
| 084 ## - OTRO NÚMERO DE CLASIFICACIÓN | |
| Número de control del registro de autoridad o número normalizado | TICS 001 |
| 100 ## - ENTRADA PRINCIPAL--NOMBRE DE PERSONA | |
| Nombre de persona | Ibañez Godoy, Andrea de Jesús |
| Término indicativo de función/relación | Autor |
| 245 ## - MENCIÓN DEL TÍTULO | |
| Título | FACTIBILIDAD DE IMPLEMENTACIÓN DE SOLUCIONES BASADAS EN LA NUBE EN LAS EMPRESAS SEGÚN LAS CONDICIONES DEMOGRÁFICAS DE ALTA VERAPAZ/ |
| Mención de responsabilidad, etc. | Andrea de Jesús Ibañez Godoy. |
| Medio | Impreso |
| 264 ## - PRODUCCIÓN, PUBLICACIÓN, DISTRIBUCIÓN, FABRICACIÓN Y COPYRIGHT | |
| Producción, publicación, distribución, fabricación y copyright | Cobán, Alta Verapaz: |
| Nombre del de productor, editor, distribuidor, fabricante | Universidad de San Carlos de Guatemala, Centro Universitario del Norte, Carrera Ingeniería en Ciencias y Sistemas |
| Fecha de producción, publicación, distribución, fabricación o copyright | 2022 |
| 300 ## - DESCRIPCIÓN FÍSICA | |
| Extensión | 124 .: |
| Otras características físicas | Ilustraciones, gráficas. |
| Dimensiones | 28 cm; |
| 336 ## - TIPO DE CONTENIDO | |
| Fuente | rdacontenido |
| Término de tipo de contenido | Texto |
| Código de tipo de contenido | txt |
| 337 ## - TIPO DE MEDIO | |
| Fuente | rdamedio |
| Nombre/término del tipo de medio | Computadora |
| Código del tipo de medio | n |
| 338 ## - TIPO DE SOPORTE | |
| Fuente | rdasoporte |
| Nombre/término del tipo de soporte | Código en línea |
| Código del tipo de soporte | cr |
| 502 ## - NOTA DE TESIS | |
| identificador de la tesis | TICS 001 |
| 502 ## - NOTA DE TESIS | |
| Nota de tesis | Tesis de grado |
| Tipo de título | Carrera Ingeniería en Ciencias y Sistemas, |
| Nombre de la institución que otorga el título | Universidad de San Carlos de Guatemala, Centro Universitario del Norte, Carrera Ingeniería en Ciencias y Sistemas |
| Año de obtención del título | 2022 |
| Identificador de la tesis | TICS 001 |
| 520 14 - RESUMEN, ETC. | |
| Sumario, etc. | En la presente investigación, se recopiló información de empresas altaverapacenses para<br/>determinar la factibilidad de implementar servicios en la nube en las organizaciones como<br/>una alternativa a utilizar tecnologías on -premise. A través de una encuesta, se capturaron<br/>datos sobre la situación actual y la postura de las organizaciones respecto a estas<br/>tecnologías a través de los encargados de brindar soporte o en su defecto de los propietarios<br/>de la empresa.<br/><br/>Se determinaron las condiciones por las que la nube es una opción viable para implementar<br/>tecnologías en las empresas de Alta Verapaz dadas las condiciones demográficas actuales<br/>de las que dependen las organizaciones, al ser clasificadas de acuerdo con su tamaño:<br/>microempresas, pequeñas empresas, medianas empresas y grandes empresas.<br/><br/>A través del análisis de los resultados obtenidos, se determinó que la nube es una opción<br/>que puede brindar oportunidad de integrar tecnologías en organizaciones que no cuentan<br/>con ellas gracias a sus modelos bajo demanda y elasticidad; mientras que para las empresas<br/>que ya cuentan con estos insumos dentro de sus organizaciones, es una alternativa que<br/>ofrece escalabilidad en el momento en el que las propias tecnologías necesiten ser<br/>ampliadas. Todo ello con la característica de la descentralización de tecnologías, que<br/>permite un sinfín de posibilidades que permiten a las empresas amortiguar el impacto de<br/>los desafíos a los que se deban enfrentar. |
| 650 ## - PUNTO DE ACCESO ADICIONAL DE MATERIA--TÉRMINO DE MATERIA | |
| Fuente del encabezamiento o término | LEMB |
| Subdivisión general | Ingeniería en Ciencias y sistemas |
| -- | Nube |
| -- | Tecnologías |
| -- | Empresas |
| -- | Factibilidad |
| -- | Adaptabilidad |
| -- | Escalabilidad |
| 700 ## - ENTRADA AGREGADA--NOMBRE PERSONAL | |
| Nombre de persona | Ing. CCSS. German Aníbal Gil Laroj |
| Término indicativo de función/relación | Asesor |
| 856 ## - LOCALIZACIÓN Y ACCESO ELECTRÓNICOS | |
| Identificador Uniforme de Recurso | <a href="https://drive.google.com/file/d/1BWOt63D2DqY6Xz7ENHarxKmJuUJMn5zv/view">https://drive.google.com/file/d/1BWOt63D2DqY6Xz7ENHarxKmJuUJMn5zv/view</a> |
| Texto de enlace | |
| Nota pública | Un ejemplar en línea. |
| 942 ## - ELEMENTOS DE ENTRADA SECUNDARIOS (KOHA) | |
| Fuente de la clasificación o esquema de estantería | Clasificación Decimal Dewey |
| Tipo de ítem Koha | TESIS |
| Parte de la signatura que identifica el ejemplar (Parte del ítem) | TICS 001 |
| Prefijo de la signatura | Clasificación |
| Suprimir en OPAC | No |
| -- | TICS_001_000000000000000 |
| Estatus retirado | Estado de pérdida | Fuente de la clasificación o esquema de estantería | Estado de daño | No para préstamo | Colección | Biblioteca de origen | Biblioteca actual | Ubicación en estantería | Fecha de adquisición | Número de inventario | Total de préstamos | Signatura topográfica completa | Código de barras | Visto por última vez | Precio de reemplazo | Tipo de ítem Koha |
|---|---|---|---|---|---|---|---|---|---|---|---|---|---|---|---|---|
| Clasificación Decimal Dewey | tesis | BIBLIOTECA- CUNOR -JOSÉ LUIS GONZALES ROSALES | BIBLIOTECA- CUNOR -JOSÉ LUIS GONZALES ROSALES | Colección tesis | 03/10/2025 | TICS 001 | TICS 001 | TICS 001 | 03/10/2025 | 03/10/2025 | TESIS |